| 000 | 00839cam a22002654a 4500 | ||
|---|---|---|---|
| 001 | 12785219 | ||
| 003 | OSt | ||
| 005 | 20160517152456.0 | ||
| 008 | 020522s2002 dcua b 001 0 eng | ||
| 010 | _a 2002072390 | ||
| 020 | _a1563681293 (pbk. : alk. paper) | ||
| 040 | _aSEKU | ||
| 042 | _apcc | ||
| 050 | 0 | 0 |
_aRF 305 _b.C4 2002 |
| 100 | 1 | _aChute, Patricia M. | |
| 245 | 1 | 4 |
_aThe parents' guide to cochlear implants / _cPatricia M. Chute, Mary Ellen Nevins. |
| 260 |
_aWashington, DC : _bGallaudet University Press, _c2002. |
||
| 300 |
_aix, 197 p. : _bill. ; _c23 cm. |
||
| 504 | _aIncludes bibliographical references (p. 187-190) and index. | ||
| 650 | 0 | _aCochlear implants. | |
| 650 | 0 |
_aHearing impaired children _xRehabilitation. |
|
| 650 | 0 |
_aDeaf _xRehabilitation. |
|
| 700 | 1 | _aNevins, Mary Ellen. | |
| 942 |
_2lcc _cGEN |
||
| 999 |
_c14143 _d14143 |
||